Also Known As... Quiz Stats

Quiz Updated Mar 7, 2017

Also try: Pen Names
Challenge
Share
Tweet
Embed
Score 0/20 Timer 05:00
0 Plays Today
Name Also known as % Correct
Victoria BeckhamPosh Spice
81.2%
Côte d'IvoireIvory Coast
74.9%
Aurora BorealisNorthern Lights
74.3%
MyanmarBurma
62.2%
SmeagolGollum
52.2%
QuicksilverMercury
50.2%
Siddhartha GautamaBuddha
49.1%
War of Northern AggressionAmerican Civil War
44.5%
Alecia MooreP!nk
32.8%
Timor-LesteEast Timor
31%
Name Also known as % Correct
SaigonHo Chi Minh City
30.4%
Raffaello Sanzio da UrbinoRaphael
25.8%
Manfred von RichthofenThe Red Baron
23.5%
Ronaldo de Assis MoreiraRonaldinho
21.4%
Chinese ParsleyCoriander
14.8%
DenaliMount McKinley
13.8%
Agnesë Gonxhe BojaxhiuMother Teresa
11.5%
Christopher BridgesLudacris
10.3%
Eric Arthur BlairGeorge Orwell
10%
TungstenWolfram
9.2%

You're not logged in!

Compare scores with friends on all Sporcle quizzes.
Sign Up with Email
OR
Log In

You Might Also Like...

Show Comments

Extras

Top Quizzes Today


Score Distribution

Your Account Isn't Verified!

In order to create a playlist on Sporcle, you need to verify the email address you used during registration. Go to your Sporcle Settings to finish the process.

Report this User

Report this user for behavior that violates our Community Guidelines.

Details: